[Event "Paris Apsap op 71st"]
[Site "Paris"]
[Date "2004.04.25"]
[Round "9"]
[White "Beghin, Ronan"]
[Black "Micevski, Kuzman"]
[Result "1-0"]
[WhiteElo "2102"]
[BlackElo "2085"]
[PlyCount "49"]
[EventDate "2004.04.19"]
[EventType "swiss"]
[EventRounds "7"]
[EventCountry "FRA"]
[SourceTitle "CBM 100 Extra"]
[Source "ChessBase"]
[SourceDate "2004.07.06"]
[SourceVersion "2"]
[SourceVersionDate "2004.07.06"]
[SourceQuality "1"]

1. e4 d5 2. exd5 Qxd5 3. Nc3 Qa5 4. d4 c6 5. Nf3 Bg4 6. Bc4 e6 7. Bd2 Qb6 8. Qe2 Bxf3 9. gxf3 Qxd4 10. 0-0-0 Qb6 11. Bxe6 fxe6 12. Qxe6+ Be7 13. Ne4 c5 14. Qc8+ Qd8 15. Qxb7 Nd7 16. Rhe1 Kf8 17. Bc3 Qb8 18. Rxd7 Qxb7 19. Rxb7 h5 20. Nxc5 Rh6 21. Ne6+ Kf7 22. Nxg7 Rb6 23. Rc7 Rb5 24. f4 Rc5 25. Rexe7+ 1-0